Language Quiz

Random Language or Famous Quiz

Famous People by First Language Quiz Stats

Quiz Updated May 4, 2017

Also try: Famous Facial Hair
Challenge
Share
Tweet
Embed
Score 0/40 Timer 10:00
1 Play Today
Famous Person Language % Correct
Christopher ColumbusItalian
56.6%
Albert SchweitzerGerman
45.7%
Marie AntoinetteGerman
44%
Martin Van BurenDutch
43.9%
Henry KissingerGerman
42%
Queen VictoriaGerman
41.4%
Napoleon BonaparteItalian
39.7%
Franz KafkaGerman
39.4%
Jesus ChristAramaic
39.4%
El GrecoGreek
39.3%
CleopatraGreek
33.2%
Alexander the Great(Ancient) Macedonian
31.8%
Grace O’MalleyIrish
29.3%
Sir William HerschelGerman
28.3%
Jack KerouacFrench
26.4%
Josef StalinGeorgian
25.8%
William IIIDutch
24.5%
Ahmet ErtegünTurkish
24.3%
David Lloyd GeorgeWelsh
22.5%
Mother TeresaAlbanian
22.1%
Famous Person Language % Correct
Roald DahlNorwegian
21.6%
King ArthurWelsh
19.1%
Ivana TrumpCzech
17.7%
Joseph ConradPolish
17.6%
Aram KhachaturianArmenian
16.9%
John CabotItalian
16.9%
Leo TolstoyFrench
16.6%
Irving BerlinYiddish
16.4%
Isaac AsimovYiddish
11.2%
Robert PiresPortuguese
10.7%
Nelson MandelaXhosa
10%
Rose McGowanItalian
8.7%
Mahatma GandhiGujarati
7.9%
Garry KasparovArmenian
5.9%
Gene SimmonsHungarian
5.2%
La CicciolinaHungarian
5%
Marco PoloCroatian
4.6%
Freddie MercuryGujarati
4.1%
Anne FrankGerman
4.1%
Jacques CartierBreton
3%

You're not logged in!

Compare scores with friends on all Sporcle quizzes.
Sign Up with Email
OR
Log In

You Might Also Like...

Show Comments

Extras

Top Quizzes Today


Score Distribution

Your Account Isn't Verified!

In order to create a playlist on Sporcle, you need to verify the email address you used during registration. Go to your Sporcle Settings to finish the process.